| 000 | 00750nam a2200253 a 4500 | ||
|---|---|---|---|
| 008 | 020123s2000 m yxo aa r y 0 slo c | ||
| 020 |
_a8096770314 _c21 |
||
| 040 |
_aSNK _bslo _cSNK _eAACR2 |
||
| 041 | 1 | _aslo | |
| 044 |
_axo _cSK |
||
| 080 | _a943.767.2-22 | ||
| 080 | _a371(437.672)(091) | ||
| 100 | 1 |
_aGroško, Imrich _4aut |
|
| 245 | 1 | 0 |
_aKurima a jej školy _cImrich Groško |
| 260 |
_aMichalovce _bL. Marton _c2000 |
||
| 300 |
_a168 s. _bfotogr. _c22 cm |
||
| 500 | _aIlustr. na front. | ||
| 500 | _aVyd. Imrich Groško, Košice | ||
| 504 | _aBibliogr. s. 164-168 | ||
| 650 | 0 | 7 |
_aškolstvo _zKurima (Slovensko) _xdejiny _2SNK |
| 651 | 0 | 7 |
_aKurima (Slovensko) _xškolstvo _xdejiny _2SNK |
| 710 | 0 |
_aIvan Groško Košice _4pbl |
|
| 958 | _aAJP | ||
| 999 |
_c19877 _d19877 |
||